00468nam a2200181Ia 4500003000900000008004100009020001600050040001600066080001300082100002400095245004900119250001200168260003800180300001000218650001900228650002800247650001100275IN-BaIIA211028s9999 xx 000 0 eng d a471-91609-9 cIIA Library a535bWAH aWahlstrom, Ernest E 0aOptical CrystallographycErnest E. Wahlstrom a4th ed. aNew YorkbJohn Wiley & Sonsc1969 a489p. aNASA Thesaurus aOptical Crystallography aOptics